LEADER 01119nam--2200337---450- 001 990002134050203316 005 20041103112932.0 035 $a000213405 035 $aUSA01000213405 035 $a(ALEPH)000213405USA01 035 $a000213405 100 $a20041103d1971----km-y0itay0103----ba 101 0 $aita 102 $aIT 105 $a||||||||001yy 200 1 $a<> conti economici regionali$ecalcolo di alcuni principali aggregati, reddito, consumi, investimenti$enuova serie 1970-76$fUnione Italiana delle Camere di Commercio Industria Artigianato, Agricoltura 210 $aMilano$cF. Angeli$d1971 215 $a232 p.$d22 cm 225 2 $aStudi e ricerche 410 0$12001$aStudi e ricerche 454 1$12001 461 1$1001-------$12001 710 02$aUnione italiana delle camere di commercio industria artigianato e agricoltura$0308611 801 0$aIT$bsalbc$gISBD 912 $a990002134050203316 951 $aColl FR 7$b48951 G.$cColl FR 959 $aBK 969 $aGIU 979 $aSIAV6$b10$c20041103$lUSA01$h1129 996 $aConti economici regionali$91039473 997 $aUNISA LEADER 03507nam 2200685 a 450 001 9910778696103321 005 20200520144314.0 010 $a1-282-39814-8 010 $a9786612398148 010 $a90-474-3299-1 024 7 $a10.1163/ej.9789004165403.i-304 035 $a(CKB)1000000000821799 035 $a(EBL)468081 035 $a(OCoLC)606913469 035 $a(SSID)ssj0000356699 035 $a(PQKBManifestationID)11248136 035 $a(PQKBTitleCode)TC0000356699 035 $a(PQKBWorkID)10349934 035 $a(PQKB)10945901 035 $a(MiAaPQ)EBC468081 035 $a(OCoLC)191727969 035 $a(nllekb)BRILL9789047432999 035 $a(Au-PeEL)EBL468081 035 $a(CaPaEBR)ebr10363774 035 $a(CaONFJC)MIL239814 035 $a(PPN)170426696 035 $a(EXLCZ)991000000000821799 100 $a20080206d2008 uy 0 101 0 $aeng 135 $aur|n|---||||| 181 $ctxt 182 $cc 183 $acr 200 14$aThe Arabic manuscript tradition$b[electronic resource] $ea glossary of technical terms and bibliography--supplement /$fby Adam Gacek 210 $aLeiden ;$aBoston $cBrill$d2008 215 $a1 online resource (320 p.) 225 1 $aHandbook of Oriental studies. Section 1, The near and Middle East ;$vv. 95 300 $aDescription based upon print version of record. 311 $a90-04-16540-1 320 $aIncludes bibliographical references and index. 327 $tPreliminary Material /$rA. Gacek --$tGlossary /$rA. Gacek --$tAbbreviations /$rA. Gacek --$tI. General And Introductory Studies /$rA. Gacek --$tII. Writing Surfaces, Materials And Implements /$rA. Gacek --$tIII. Textblock (Quires, Signatures And Foliation) /$rA. Gacek --$tIV. The Text, Its Composition And Arrangement /$rA. Gacek --$tV. Transmission Of Knowledge /$rA. Gacek --$tVI. Arabic Alphabet, Scripts And Palaeography /$rA. Gacek --$tVII. The Arts Of The Book /$rA. Gacek --$tVIII. Qur?Anic Manuscripts /$rA. Gacek --$tIX. Textual Criticism And Editing /$rA. Gacek --$tX. Cataloguing /$rA. Gacek --$tXI. Preservation And Conservation /$rA. Gacek --$tXII. Catalogues Of Manuscripts, Collections, Etc. /$rA. Gacek --$tIndex Of Works Cited (Amt And Supplement) /$rA. Gacek. 330 $aThe present work supplements the original volume of The Arabic Manuscript Tradition (AMT), both its glossary of technical terms and bibliography. It includes new entries of technical terms, additional definitions of, and/or citations for, the entries already found in AMT, and recent publications on various aspects of Arabic manuscript studies arranged by subject. Among additional features there are illustrations of various Arabic letterforms and an alphabetical index of all works cited in both AMT and its supplement. 410 0$aHandbuch der Orientalistik.$nErste Abteilung,$pNahe und der Mittlere Osten ;$v95. Bd. 606 $aManuscripts, Arabic$xHistory$vBibliography 606 $aCodicology$vDictionaries 606 $aArabic language$vDictionaries$xEnglish 606 $aPaleography, Arabic$vBibliography 615 0$aManuscripts, Arabic$xHistory 615 0$aCodicology 615 0$aArabic language$xEnglish. 615 0$aPaleography, Arabic 676 $a011/.31 700 $aGacek$b Adam$0692672 801 0$bMiAaPQ 801 1$bMiAaPQ 801 2$bMiAaPQ 906 $aBOOK 912 $a9910778696103321 996 $aThe Arabic manuscript tradition$93844371 997 $aUNINA